01223cam a2200277 a 450000100100000000500170001000800410002702000150006804000300008304300120011308200200012510000400014524500800018526001480026530000550041350000540046850000430052250400590056565000560062465000500068074000340073091000280076404900090079295201290080199900150093000000691120200929154022.0880415s1986 sp ac f001 0 spa d a8450544661 aDO-SdBNPcDLCdDLCdBNPHU aa-jo--- a930.10283bO42e1 aOlavarri Goicoechea, Emilio,91915810aExcavaciones en el ágora de Gerasa en 1983 /cEmilio Olavarri Goicoechea. aMadrid :bMinisterio de Cultura, Dirección General de Bellas Artes y Archivos, Subdirección General de Arqueología y Etnografía,c1986. a83 p., [5] hojas plegadas :bil., retrs. ;c30 cm. aTítulo añadido: Hafriyat athariyah fi Jarash. aContiene Sumario en Árabe e Inglés aIncluye bibliografía y notas al pie de las páginas 4aExcavaciones arqueológicaszItaliazGreasa919159 4aExcavaciones arqueológicasxJordania9191600 aHafriyat athariyah fi Jarash. aCatalogación derivada aBNGR 001053728MOaGRbGRcCTd2009-09-03iLF1l0o930.10283 O42ep6911-10r2020-06-25te. 1w2020-06-25y2ZPréstamo interno c6696d6696